| 000 | 00722nam a22002057a 4500 | ||
|---|---|---|---|
| 999 |
_c14444 _d14444 |
||
| 003 | AR-CdUCM | ||
| 008 | 190423b ||||| |||| 00| 0 spa d | ||
| 040 |
_aMUNICIPALIDAD PROVINCIAL DEL CUSCO _cBIBLIOTECA MUNICIPAL DEL CUSCO |
||
| 082 |
_a375.3 / _bES78 / 1939 |
||
| 110 |
_aTesoro escolar _933225 |
||
| 245 | _aCantos escolares conforme al programa oficial vigente / | ||
| 260 |
_aLima : _bLa nacional, _c1939. |
||
| 300 |
_a66 páginas ; _c17 cm. |
||
| 505 | _aContenido : Colega -- Recomendaciones metodológicas -- Himno nacional -- La vuelta a la escuela -- Zarramplín ... | ||
| 650 |
_aCantos _91085 |
||
| 650 |
_aEscolares _929792 |
||
| 650 |
_aPerú _935 |
||
| 942 |
_2ddc _cLIBROS |
||
| 945 |
_arah _d23/04/2019 |
||